[Event "World Blitz 2023"]
[Site "Samarkand UZB"]
[Date "2023.12.29"]
[EventDate "2023.12.29"]
[Round "7.76"]
[Result "0-1"]
[White "David Bogdan"]
[Black "Harold Wanyama"]
[WhiteElo "1880"]
[BlackElo "2228"]
[PlyCount "88"]

1. e4 c5 2. Nf3 e6 3. d4 cxd4 4. Nxd4 Nc6 5. c4 Nf6 6. Nxc6 bxc6 7. Bd3 Qc7
8. O-O d5 9. Nc3 d4 10. Ne2 c5 11. Kh1 Bb7 12. Qc2 e5 13. f4 exf4 14. Bxf4
Bd6 15. Bxd6 Qxd6 16. Nf4 O-O 17. h3 Rfe8 18. Nd5 Nh5 19. Kg1 Bxd5 20. exd5
g6 21. Rae1 Ng3 22. Qf2 Nxf1 23. Rxf1 Re7 24. b4 Rae8 25. bxc5 Qxc5 26. Qf6
Rf8 27. Kh1 Re3 28. Bb1 d3 29. Qf2 Qd4 30. d6 d2 31. Bc2 f5 32. c5 f4 33.
Bb3+ Kg7 34. d7 Qxd7 35. c6 Qxc6 36. Qxd2 Rxh3+ 37. Kg1 Qc5+ 38. Rf2 Re3
39. Qb2+ Qe5 40. Qc2 Re1+ 41. Rf1 Qe3+ 42. Qf2 Rxf1+ 43. Kxf1 Qxf2+ 44.
Kxf2 g5 0-1

[Event "World Blitz 2023"]
[Site "Samarkand UZB"]
[Date "2023.12.29"]
[EventDate "2023.12.29"]
[Round "7.77"]
[Result "1/2-1/2"]
[White "Rojas Salas, Steven"]
[Black "Sergey Sklokin"]
[WhiteElo "2210"]
[BlackElo "1995"]
[PlyCount "40"]

1. d4 d5 2. c4 e6 3. Nc3 c5 4. cxd5 exd5 5. Nf3 Nc6 6. g3 Nf6 7. Bg2 Be7 8.
O-O O-O 9. dxc5 Bxc5 10. b3 Be6 11. Bb2 Qe7 12. Nb5 Rfd8 13. Nbd4 Nxd4 14.
Nxd4 Rac8 15. Qd3 a6 16. Rac1 Bb6 17. h3 h6 18. Kh2 Bc5 19. Rc2 Ba3 20.
Bxa3 Qxa3 1/2-1/2

[Event "World Blitz 2023"]
[Site "Samarkand UZB"]
[Date "2023.12.29"]
[EventDate "2023.12.29"]
[Round "7.78"]
[Result "1-0"]
[White "Mohamed Tissir"]
[Black "Mustafokhuja Khusenkhojaev"]
[WhiteElo "2458"]
[BlackElo "2082"]
[PlyCount "106"]

1. e4 e5 2. Nf3 Nc6 3. Bc4 Bc5 4. c3 Nf6 5. d3 O-O 6. Bb3 d5 7. Qe2 h6 8.
Nbd2 a5 9. a4 Be6 10. Bc2 Re8 11. Nf1 Ng4 12. Ne3 Nxe3 13. Bxe3 Bxe3 14.
Qxe3 d4 15. Qe2 Qd6 16. O-O Bg4 17. Bb3 Be6 18. Qc2 b6 19. Bxe6 Rxe6 20. c4
Nb4 21. Qe2 Na6 22. Nh4 g6 23. g3 Rf6 24. f4 Nc5 25. fxe5 Qxe5 26. Rxf6
Qxf6 27. Nf3 Rd8 28. Kg2 Qc6 29. Ne5 Qe6 30. Ng4 h5 31. Nf2 f5 32. Re1 Re8
33. e5 Qc6+ 34. Kg1 Qxa4 35. Nh3 Ne6 36. Qf3 Qb4 37. Rf1 Qd2 38. Rf2 Qc1+
39. Kg2 Qe3 40. Qd5 Qxd3 41. Nf4 Qe4+ 42. Kf1 Qxd5 43. cxd5 Nxf4 44. gxf4
Rd8 45. Rg2 Kf7 46. Rc2 Rd7 47. e6+ Ke7 48. exd7 Kxd7 49. Rc6 b5 50. Ke2 a4
51. Kd3 b4 52. Rxg6 b3 53. Ra6 1-0

[Event "World Blitz 2023"]
[Site "Samarkand UZB"]
[Date "2023.12.29"]
[EventDate "2023.12.29"]
[Round "7.79"]
[Result "0-1"]
[White "O`Gorman, Tom"]
[Black "Danis Kuandykuly"]
[WhiteElo "2288"]
[BlackElo "1718"]
[PlyCount "58"]

1. e4 c5 2. Nf3 d6 3. d4 cxd4 4. Qxd4 Nc6 5. Qe3 Nf6 6. Be2 e6 7. O-O Be7
8. h3 O-O 9. Rd1 Qc7 10. c4 b6 11. Nc3 a6 12. b3 Bb7 13. Bb2 Rfd8 14. Rac1
Rac8 15. Nd5 Qb8 16. Nxb6 Rc7 17. Na4 d5 18. exd5 exd5 19. Nc3 d4 20. Nxd4
Rxd4 21. Rxd4 Bc5 22. Na4 Re7 23. Nxc5 Rxe3 24. fxe3 Nxd4 25. Bxd4 Bc6 26.
Nxa6 Qg3 27. Bf1 Ne4 28. Rc2 Ng5 29. Nb4 Nf3+ 0-1

[Event "World Blitz 2023"]
[Site "Samarkand UZB"]
[Date "2023.12.29"]
[EventDate "2023.12.29"]
[Round "8.1"]
[Result "1/2-1/2"]
[White "Sanan Sjugirov"]
[Black "Magnus Carlsen"]
[WhiteElo "2569"]
[BlackElo "2887"]
[PlyCount "118"]

1. e4 Nc6 2. Nf3 e5 3. Bb5 a6 4. Ba4 Nf6 5. O-O Be7 6. Re1 b5 7. Bb3 O-O 8.
a4 Rb8 9. axb5 axb5 10. h3 d6 11. Qe2 Bd7 12. Nc3 Nd4 13. Nxd4 exd4 14. Nd5
Nxd5 15. Bxd5 c6 16. Bb3 Ra8 17. Rxa8 Qxa8 18. d3 Qc8 19. Bd2 Be6 20. Bxe6
Qxe6 21. Ra1 d5 22. Kf1 dxe4 23. Qxe4 Qxe4 24. dxe4 Rb8 25. Ra6 c5 26. Bf4
Rc8 27. Ra5 b4 28. b3 g5 29. Bd2 c4 30. bxc4 Rxc4 31. Ra2 Rc8 32. Ke2 Rb8
33. Kd3 f6 34. f4 gxf4 35. Bxf4 Rb7 36. Kxd4 b3 37. Rb2 Rd7+ 38. Ke3 bxc2
39. Rxc2 Kf7 40. g4 Ra7 41. Rc3 Ke6 42. Kf3 Ra6 43. Rb3 Ra3 44. Rxa3 Bxa3
45. Kg3 Kf7 46. h4 Ke6 47. Kf3 Bc5 48. Bd2 Bd6 49. Bc3 Bc7 50. Bd4 Ba5 51.
Be3 Be1 52. h5 Bb4 53. Bf4 Bc5 54. Ke2 Ba3 55. Kd3 Bc5 56. Kc4 Ba3 57. Kd3
Be7 58. Ke3 Bc5+ 59. Kf3 Ba3 1/2-1/2

[Event "World Blitz 2023"]
[Site "Samarkand UZB"]
[Date "2023.12.29"]
[EventDate "2023.12.29"]
[Round "8.3"]
[Result "1-0"]
[White "Ian Nepomniachtchi"]
[Black "AR Saleh Salem"]
[WhiteElo "2795"]
[BlackElo "2668"]
[PlyCount "126"]

1. e4 e5 2. f4 exf4 3. Nf3 d6 4. Bc4 h6 5. h4 Nf6 6. Nc3 g6 7. d4 Nh5 8.
Ne2 Bg7 9. Nxf4 Ng3 10. Rh2 O-O 11. Nxg6 Re8 12. Nf4 Nc6 13. c3 Bg4 14. Kf2
Nxe4+ 15. Kg1 Qd7 16. Qd3 Bf5 17. Qf1 Nf6 18. Bd2 Ng4 19. Rh1 Ne7 20. Nh5
Bh8 21. Nh2 Nxh2 22. Rxh2 d5 23. Bd3 Bxd3 24. Qxd3 Qf5 25. Qxf5 Nxf5 26.
Rf1 Ne3 27. Bxe3 Rxe3 28. g3 Rae8 29. Rhf2 R8e7 30. Kg2 c6 31. Rf4 Re2+ 32.
R1f2 a5 33. a4 R2e3 34. g4 Re2 35. Ng3 Rxf2+ 36. Kxf2 Re6 37. Rf3 Bf6 38.
Nf5 Bd8 39. Re3 Kf8 40. Kf3 Bf6 41. b3 Bd8 42. Kg3 Bc7+ 43. Kf3 Bd8 44. Kg2
Rg6 45. Kh3 Rf6 46. Rf3 Re6 47. Kg2 Re2+ 48. Rf2 Re6 49. Kf3 Rf6 50. c4
dxc4 51. bxc4 Re6 52. Rb2 b6 53. c5 bxc5 54. Rb8 Re8 55. Nd6 cxd4 56. Nxe8
Kxe8 57. g5 h5 58. Ke4 Kd7 59. Kxd4 Bc7 60. Rh8 Ke6 61. Rxh5 Be5+ 62. Ke4
Bg7 63. Rh7 1-0

[Event "World Blitz 2023"]
[Site "Samarkand UZB"]
[Date "2023.12.29"]
[EventDate "2023.12.29"]
[Round "8.4"]
[Result "1-0"]
[White "Richard Rapport"]
[Black "Aleksandr Rakhmanov"]
[WhiteElo "2748"]
[BlackElo "2521"]
[PlyCount "70"]

1. e4 c5 2. Nf3 Nf6 3. e5 Nd5 4. Nc3 Nxc3 5. dxc3 Nc6 6. Bf4 Qc7 7. h4 h6
8. Qe2 e6 9. O-O-O Rb8 10. Rh3 b5 11. Nd2 b4 12. Nc4 bxc3 13. Rxc3 Nd4 14.
Rxd4 cxd4 15. Nd6+ Bxd6 16. Rxc7 Bxc7 17. Qg4 g6 18. Bd3 Bb7 19. Bg3 Bb6
20. Qf4 Bd5 21. f3 Bc5 22. a3 g5 23. Qf6 Rg8 24. Bh7 Be7 25. Qxh6 Bf8 26.
Qh5 Rg7 27. hxg5 Kd8 28. Bd3 Kc7 29. Bf2 Bc5 30. g3 Bb6 31. b3 Bc5 32. Kb2
Bb6 33. f4 Rbg8 34. Qh6 Bc5 35. Bh7 1-0

[Event "World Blitz 2023"]
[Site "Samarkand UZB"]
[Date "2023.12.29"]
[EventDate "2023.12.29"]
[Round "8.5"]
[Result "1/2-1/2"]
[White "Sarin Nihal"]
[Black "Vachier-Lagrave, Maxime"]
[WhiteElo "2689"]
[BlackElo "2748"]
[PlyCount "78"]

1. e4 c5 2. Nf3 d6 3. Nc3 Nf6 4. Bb5+ Bd7 5. Qe2 g6 6. e5 dxe5 7. Qxe5 Nc6
8. Qxc5 a6 9. Bxc6 Bxc6 10. Qe3 Bg7 11. O-O Nd5 12. Nxd5 Qxd5 13. d4 O-O-O
14. b3 Qe4 15. Qxe4 Bxe4 16. c3 Bxf3 17. gxf3 e5 18. dxe5 Bxe5 19. Be3 Rd3
20. Rac1 Rhd8 21. c4 Kc7 22. Kg2 Kc6 23. Rfe1 R8d7 24. Re2 h5 25. b4 Bc3
26. a3 Bd4 27. Bxd4 R7xd4 28. a4 Rf4 29. Re3 Rdd4 30. Rec3 b6 31. b5+ Kb7
32. bxa6+ Kxa6 33. c5 bxc5 34. Rxc5 Rxa4 35. Rc7 Ra5 36. R1c3 Rg5+ 37. Kf1
Rb5 38. Kg2 Rg5+ 39. Kf1 Rb5 1/2-1/2

[Event "World Blitz 2023"]
[Site "Samarkand UZB"]
[Date "2023.12.29"]
[EventDate "2023.12.29"]
[Round "8.6"]
[Result "0-1"]
[White "Johan-Sebastian Christiansen"]
[Black "Anish Giri"]
[WhiteElo "2541"]
[BlackElo "2731"]
[PlyCount "78"]

1. e4 e5 2. Nf3 Nc6 3. d4 exd4 4. Nxd4 Bc5 5. Be3 Qf6 6. c3 Nge7 7. Nd2 O-O
8. N2b3 Bb6 9. Bc4 Qg6 10. O-O Ne5 11. Be2 d5 12. f4 Qxe4 13. Bc1 N5c6 14.
Bd3 Qe6 15. f5 Qf6 16. Be3 Ne5 17. Bc2 c5 18. Ne2 d4 19. cxd4 cxd4 20. Bxd4
Rd8 21. Qe1 Ng4 22. Rd1 Bxf5 23. h3 Qd6 24. hxg4 Bxc2 25. Rd2 Bxb3 26. axb3
Ng6 27. Qf2 Qe6 28. Bxb6 Rxd2 29. Be3 Rxb2 30. Qf3 Re8 31. Kh1 Rxe2 32.
Qxe2 Qxe3 33. Qc4 Qe6 34. Qb4 b6 35. Qa4 a5 36. Qb5 h6 37. Rc1 Ne5 38. Re1
Re7 39. Rd1 Kh7 0-1

[Event "World Blitz 2023"]
[Site "Samarkand UZB"]
[Date "2023.12.29"]
[EventDate "2023.12.29"]
[Round "8.7"]
[Result "1-0"]
[White "Subramaniyam H Bharath"]
[Black "Alexey Sarana"]
[WhiteElo "2435"]
[BlackElo "2707"]
[PlyCount "88"]

1. e4 c5 2. Nf3 d6 3. d4 Nf6 4. Nc3 cxd4 5. Nxd4 a6 6. Qd3 Nbd7 7. Be2 Nc5
8. Qe3 g6 9. O-O Bg7 10. Rd1 Qc7 11. Nd5 Nxd5 12. exd5 O-O 13. c4 e5 14.
dxe6 Nxe6 15. Nc2 Bd7 16. Nb4 Bc6 17. Nd5 Bxd5 18. cxd5 Nc5 19. Qa3 Qb6 20.
Rb1 a5 21. Be3 Rfd8 22. Rdc1 Qb4 23. Qxb4 axb4 24. Rc4 Ra4 25. h4 b5 26.
Rcc1 Rxa2 27. Bxc5 dxc5 28. Rxc5 Bxb2 29. Rc2 Rxd5 30. Rcxb2 b3 31. Bf3
Rxb2 32. Rxb2 Rd3 33. Be2 Rd4 34. g3 b4 35. Rxb3 Kg7 36. Kg2 h5 37. Kf3 Kf6
38. Ke3 Ke5 39. Bd3 Rg4 40. f4+ Kd5 41. Kf3 Kc5 42. Be2 f6 43. Kf2 f5 44.
Rb1 1-0

[Event "World Blitz 2023"]
[Site "Samarkand UZB"]
[Date "2023.12.29"]
[EventDate "2023.12.29"]
[Round "8.9"]
[Result "1/2-1/2"]
[White "Yangyi Yu"]
[Black "Aleksandr Shimanov"]
[WhiteElo "2762"]
[BlackElo "2611"]
[PlyCount "44"]

1. e4 e6 2. d3 d5 3. Nd2 Nf6 4. Ngf3 Be7 5. g3 a5 6. Bg2 a4 7. a3 c5 8. O-O
Nc6 9. Re1 h6 10. c3 b6 11. e5 Nh7 12. d4 O-O 13. h4 cxd4 14. Nxd4 Nxd4 15.
cxd4 Qd7 16. Nf1 Ba6 17. Qg4 Kh8 18. Qh5 Rac8 19. Bd2 b5 20. Ne3 b4 21.
axb4 Rb8 22. b3 1/2-1/2

[Event "World Blitz 2023"]
[Site "Samarkand UZB"]
[Date "2023.12.29"]
[EventDate "2023.12.29"]
[Round "8.10"]
[Result "0-1"]
[White "Hans Moke Niemann"]
[Black "R Praggnanandhaa"]
[WhiteElo "2614"]
[BlackElo "2665"]
[PlyCount "142"]

1. e4 e5 2. Nf3 Nc6 3. Bc4 Bc5 4. d3 Nf6 5. O-O d6 6. c3 a6 7. Re1 Ba7 8.
Nbd2 O-O 9. Nf1 Na5 10. Bb3 Nxb3 11. axb3 h6 12. h3 c6 13. Ng3 Re8 14. Bd2
Bb8 15. d4 Bc7 16. b4 Be6 17. Qc1 Qe7 18. c4 Bd7 19. Ra3 Rad8 20. dxe5 dxe5
21. Nh4 Qf8 22. Ngf5 Kh7 23. Rf3 Ng8 24. c5 Be6 25. Ne3 Rd7 26. Bc3 Red8
27. Ng4 Bb3 28. Ne3 Be6 29. Ng4 Bb3 30. Qe3 Rd1 31. Kh2 Rxe1 32. Qxe1 Qe8
33. Nf5 Be6 34. g3 Bc8 35. Nd6 Bxd6 36. cxd6 Bxg4 37. hxg4 Rxd6 38. Rf5 f6
39. Kg2 Qd7 40. Qh1 Ne7 41. Rh5 Qxg4 42. Rh4 Qd7 43. Qe1 Rd1 44. Qe2 Qd3
45. Qxd3 Rxd3 46. Rh1 Nc8 47. f3 Nd6 48. Kf2 Nb5 49. Ke2 Rd7 50. f4 Kg6 51.
Ke3 Kf7 52. fxe5 Nxc3 53. bxc3 fxe5 54. Rf1+ Ke6 55. Rf8 Rc7 56. Re8+ Kf6
57. Rf8+ Ke7 58. Rb8 Kd6 59. Rd8+ Rd7 60. Re8 Re7 61. Rd8+ Kc7 62. Ra8 Kb6
63. Kd3 c5 64. Kc4 cxb4 65. cxb4 Rd7 66. Rg8 Rd4+ 67. Kc3 g5 68. Rg6+ Kb5
69. Rxh6 Rxe4 70. Rg6 Re3+ 71. Kc2 Rxg3 0-1

[Event "World Blitz 2023"]
[Site "Samarkand UZB"]
[Date "2023.12.29"]
[EventDate "2023.12.29"]
[Round "8.12"]
[Result "1/2-1/2"]
[White "Chithambaram Vr Aravindh"]
[Black "Santosh Gujrathi Vidit"]
[WhiteElo "2584"]
[BlackElo "2642"]
[PlyCount "114"]

1. e4 e5 2. Nf3 Nc6 3. Nc3 Nf6 4. d4 exd4 5. Nxd4 Bb4 6. Nxc6 bxc6 7. Bd3
d5 8. exd5 O-O 9. O-O cxd5 10. Bg5 Be6 11. Ne2 h6 12. Bh4 Bd6 13. Nd4 Bd7
14. Qf3 g5 15. Bg3 Bg4 16. Qe3 Re8 17. Qd2 c5 18. Nf5 Bxf5 19. Bxf5 Qb6 20.
c3 Bxg3 21. fxg3 c4+ 22. Rf2 Re5 23. Kh1 Qe3 24. Qxe3 Rxe3 25. g4 Rae8 26.
h3 Re1+ 27. Rxe1 Rxe1+ 28. Kh2 Kf8 29. b3 Re3 30. bxc4 dxc4 31. Rb2 Rxc3
32. Rb8+ Kg7 33. Rb7 Nd5 34. Rxa7 Ne3 35. Be6 Kf6 36. Bxf7 Rc2 37. Bg8
Rxg2+ 38. Kh1 Rb2 39. Rc7 Rc2 40. a4 Ke5 41. a5 Kd4 42. a6 Ra2 43. a7 Ra1+
44. Kh2 c3 45. Bh7 Nd5 46. Rd7 Ra2+ 47. Kg3 Ra3 48. Kf2 Kc5 49. Be4 Nf6 50.
Rc7+ Kd4 51. Bf3 Ra2+ 52. Kg3 Ne4+ 53. Bxe4 Kxe4 54. Rxc3 Rxa7 55. Rc6 Ra3+
56. Kg2 Ra2+ 57. Kg3 Ra3+ 1/2-1/2

[Event "World Blitz 2023"]
[Site "Samarkand UZB"]
[Date "2023.12.29"]
[EventDate "2023.12.29"]
[Round "8.13"]
[Result "0-1"]
[White "Nikita Petrov"]
[Black "Vahap Sanal"]
[WhiteElo "2521"]
[BlackElo "2637"]
[PlyCount "220"]

1. d4 d6 2. e4 Nf6 3. Bd3 e5 4. c3 Nc6 5. Nf3 g6 6. O-O Bg7 7. h3 O-O 8.
Re1 Re8 9. Nbd2 a5 10. Nf1 Bd7 11. Ng3 a4 12. a3 Na5 13. Be3 Nb3 14. Rb1
exd4 15. cxd4 c5 16. Bc4 cxd4 17. Nxd4 Nc5 18. Nb5 Ncxe4 19. Nxe4 Nxe4 20.
Nxd6 Nxd6 21. Qxd6 Bf5 22. Rbd1 Qxd6 23. Rxd6 Bxb2 24. Rb6 Bxa3 25. Rxb7
Re7 26. Rxe7 Bxe7 27. Bd4 Bb4 28. Re2 Rc8 29. Ba2 a3 30. g4 Bd7 31. Bf6 Re8
32. Rc2 Be6 33. Re2 Bf8 34. g5 Bd7 35. Rc2 Bxh3 36. Rc7 Be6 37. Bxe6 Rxe6
38. Ra7 Re8 39. Kg2 Rc8 40. Kf3 Bc5 41. Ra5 Bb4 42. Ra7 Bd6 43. Ra6 Bf8 44.
Ra7 Rb8 45. Kg4 h6 46. gxh6 Bxh6 47. Rxa3 Bf8 48. Ra6 Rb4+ 49. Kg3 Rb8 50.
Kg4 Rc8 51. f4 Bh6 52. Bg5 Bg7 53. Bf6 Bf8 54. Rb6 Re8 55. Ra6 Bh6 56. Bg5
Bg7 57. Rb6 f5+ 58. Kf3 Kh7 59. Rb7 Re6 60. Ra7 Rb6 61. Rc7 Ra6 62. Rb7
Ra3+ 63. Kg2 Ra2+ 64. Kf3 Ra3+ 65. Kg2 Ra6 66. Rc7 Re6 67. Kf3 Re8 68. Bf6
Rg8 69. Kg3 Kh8 70. Bxg7+ Rxg7 71. Rc6 Kh7 72. Kh4 Kh6 73. Rc8 Rd7 74. Rc4
Rd3 75. Ra4 Rd1 76. Kg3 Rg1+ 77. Kf3 Rb1 78. Ra6 Rb3+ 79. Kf2 Kh5 80. Rc6
Ra3 81. Rb6 Ra4 82. Kg3 Ra8 83. Rb3 Ra1 84. Rc3 Rg1+ 85. Kh3 Rg4 86. Rf3
Kh6 87. Rf1 Kg7 88. Rf2 Kf6 89. Rf3 Ke6 90. Rf1 Kd5 91. Rf2 Ke4 92. Rf1 Ke3
93. Ra1 Rxf4 94. Ra3+ Ke4 95. Kg3 Rg4+ 96. Kf2 Kf4 97. Ra4+ Kg5 98. Ra6 Rc4
99. Ra3 f4 100. Kf3 Rc5 101. Rb3 Kf5 102. Ra3 g5 103. Rb3 g4+ 104. Kf2 Kg5
105. Kg2 Rc2+ 106. Kg1 f3 107. Ra3 Kf4 108. Ra1 Kg3 109. Rf1 Rg2+ 110. Kh1
Rh2+ 0-1

[Event "World Blitz 2023"]
[Site "Samarkand UZB"]
[Date "2023.12.29"]
[EventDate "2023.12.29"]
[Round "8.15"]
[Result "0-1"]
[White "Jinshi Bai"]
[Black "Aleksandar Indjic"]
[WhiteElo "2516"]
[BlackElo "2631"]
[PlyCount "116"]

1. Nf3 d5 2. g3 Bg4 3. Bg2 e6 4. O-O Nf6 5. h3 Bh5 6. c4 c6 7. d3 Nbd7 8.
cxd5 exd5 9. Qc2 Bxf3 10. Bxf3 Bd6 11. e4 dxe4 12. dxe4 O-O 13. Nd2 Re8 14.
Nc4 Ne5 15. Nxe5 Bxe5 16. Be3 h5 17. Bg2 Bc7 18. Rad1 Qe7 19. Bg5 Qe6 20.
Rfe1 Rad8 21. Rxd8 Rxd8 22. b3 Bb6 23. e5 Re8 24. Bxf6 gxf6 25. Qe2 h4 26.
gxh4 fxe5 27. Qg4+ Kf8 28. Rd1 Qf6 29. Rd2 Bd4 30. Be4 Ke7 31. Qg5 Rh8 32.
Qxf6+ Kxf6 33. Kg2 Rxh4 34. Bf3 Ke6 35. Be2 f5 36. Bc4+ Kf6 37. a4 a5 38.
Rd3 c5 39. Rg3 Rf4 40. Rf3 Rh4 41. Rg3 e4 42. Bd5 b6 43. Bc4 Ke5 44. Be2
Rf4 45. f3 Rh4 46. fxe4 fxe4 47. Rg6 Kf4 48. Bg4 Ke3 49. Rxb6 c4 50. Rb8 c3
51. b4 axb4 52. Rxb4 Rh6 53. Rc4 Rb6 54. Bf5 Rb2+ 55. Kg3 c2 56. h4 Kd3 57.
Rc8 Rb3 58. Kg4 Rc3 0-1

[Event "World Blitz 2023"]
[Site "Samarkand UZB"]
[Date "2023.12.29"]
[EventDate "2023.12.29"]
[Round "8.17"]
[Result "1/2-1/2"]
[White "Shamsiddin Vokhidov"]
[Black "Evgeny Tomashevsky"]
[WhiteElo "2588"]
[BlackElo "2663"]
[PlyCount "60"]

1. e4 e5 2. Nf3 Nc6 3. Bb5 a6 4. Ba4 Nf6 5. O-O Be7 6. Re1 b5 7. Bb3 O-O 8.
a4 b4 9. a5 d6 10. c3 Rb8 11. Bc4 h6 12. h3 Be6 13. Bxa6 Ra8 14. Qe2 Qb8
15. d4 exd4 16. Nxd4 Nxd4 17. cxd4 Nxe4 18. Nd2 Nf6 19. Bc4 Bxc4 20. Qxc4
d5 21. Qc6 Bd6 22. Nb3 Qa7 23. Be3 Qa6 24. Rec1 Qxc6 25. Rxc6 Rfb8 26. Bd2
Kf8 27. Re1 Ne4 28. Bc1 Ke7 29. f3 Kd7 30. Rc2 Ng5 1/2-1/2

[Event "World Blitz 2023"]
[Site "Samarkand UZB"]
[Date "2023.12.29"]
[EventDate "2023.12.29"]
[Round "8.18"]
[Result "1-0"]
[White "Anton Korobov"]
[Black "Nodirbek Yakubboev"]
[WhiteElo "2649"]
[BlackElo "2582"]
[PlyCount "56"]

1. c4 Nf6 2. Nc3 e6 3. Nf3 d5 4. d4 h6 5. e3 a6 6. b3 b6 7. Bb2 Bb7 8. Bd3
Nbd7 9. O-O Bd6 10. Qc2 dxc4 11. bxc4 O-O 12. e4 e5 13. Nd5 exd4 14. Nxd4
Re8 15. Nf5 Be5 16. f4 Bxb2 17. Qxb2 Bxd5 18. cxd5 Nc5 19. Rf3 Nxd3 20.
Rxd3 Rxe4 21. Rg3 Rxf4 22. Nxg7 Kf8 23. Qd2 Qd6 24. Re1 Rd8 25. Nf5 Qc5+
26. Kh1 Nxd5 27. Nxh6 Ne3 28. Qxd8# 1-0

[Event "World Blitz 2023"]
[Site "Samarkand UZB"]
[Date "2023.12.29"]
[EventDate "2023.12.29"]
[Round "8.19"]
[Result "0-1"]
[White "Maxim Matlakov"]
[Black "Vasquez Schroeder, Rodrigo"]
[WhiteElo "2638"]
[BlackElo "2582"]
[PlyCount "82"]

1. d4 Nf6 2. c4 e6 3. g3 c5 4. d5 exd5 5. cxd5 d6 6. Nc3 g6 7. Bg2 Bg7 8.
Nf3 O-O 9. O-O Re8 10. Re1 a6 11. a4 h6 12. Bf4 g5 13. Bd2 Bf5 14. h4 g4
15. Nh2 h5 16. Nf1 Nbd7 17. Ne3 Bg6 18. Nc4 Ne5 19. Nxe5 Rxe5 20. Bf4 Re8
21. e4 Nd7 22. a5 Ne5 23. Qc2 c4 24. Bxe5 Bxe5 25. Ra4 Rc8 26. Ne2 b5 27.
axb6 Qxb6 28. Rb1 Qc5 29. Rxa6 Qxd5 30. Nc3 Qc5 31. Rd1 Rb8 32. Kh2 Qb4 33.
Rd2 Kg7 34. Ra7 Qb6 35. Ra4 Rec8 36. Ra1 Qxb2 37. Qxb2 Rxb2 38. Rxb2 Bxc3
39. Rab1 Bxb2 40. Rxb2 c3 41. Rc2 d5 0-1

[Event "World Blitz 2023"]
[Site "Samarkand UZB"]
[Date "2023.12.29"]
[EventDate "2023.12.29"]
[Round "8.20"]
[Result "0-1"]
[White "Shant Sargsyan"]
[Black "B Adhiban"]
[WhiteElo "2633"]
[BlackElo "2576"]
[PlyCount "70"]

1. d4 e6 2. Nf3 Nf6 3. c4 Bb4+ 4. Bd2 c5 5. Bxb4 cxb4 6. g3 a5 7. Bg2 O-O
8. O-O d6 9. Qd3 Qc7 10. Nbd2 b6 11. e4 e5 12. Rad1 Bg4 13. h3 Bxf3 14.
Nxf3 Nc6 15. Rfe1 Rad8 16. b3 Rfe8 17. Re2 g6 18. Red2 Kg7 19. Qe3 h6 20.
g4 Rd7 21. Rd3 Rde7 22. dxe5 dxe5 23. Nh2 Rd7 24. Rd5 Nd4 25. f4 Nxd5 26.
exd5 Qc5 27. Kh1 Nf5 28. Qxc5 Ng3+ 29. Kg1 bxc5 30. f5 gxf5 31. gxf5 Nxf5
32. Ng4 h5 33. Nf2 Ne3 34. Re1 Nc2 35. Rc1 Nd4 0-1

[Event "World Blitz 2023"]
[Site "Samarkand UZB"]
[Date "2023.12.29"]
[EventDate "2023.12.29"]
[Round "8.21"]
[Result "1-0"]
[White "Alexander Riazantsev"]
[Black "M Amin Tabatabaei"]
[WhiteElo "2621"]
[BlackElo "2573"]
[PlyCount "64"]

1. d4 d5 2. c4 c6 3. Nc3 Nf6 4. e3 e6 5. Bd3 Nbd7 6. b3 Bb4 7. Bb2 e5 8.
Ne2 e4 9. Bc2 O-O 10. a3 Bd6 11. f3 exf3 12. gxf3 Qe7 13. Qd3 Re8 14. e4
dxc4 15. bxc4 c5 16. e5 Bxe5 17. Nd5 Qe6 18. dxe5 Nxe5 19. Nxf6+ Qxf6 20.
Qxh7+ Kf8 21. O-O-O Qxf3 22. Nc3 Be6 23. Qh8+ Ke7 24. Qxg7 Nxc4 25. Qg5+
Kf8 26. Qh6+ Ke7 27. Rhe1 Nxb2 28. Rxe6+ fxe6 29. Qg7+ Qf7 30. Rd7+ Kxd7
31. Qxf7+ Re7 32. Qf4 1-0

[Event "World Blitz 2023"]
[Site "Samarkand UZB"]
[Date "2023.12.29"]
[EventDate "2023.12.29"]
[Round "8.22"]
[Result "0-1"]
[White "Anton Guijarro, David"]
[Black "Denis Makhnev"]
[WhiteElo "2616"]
[BlackElo "2528"]
[PlyCount "94"]

1. e4 e5 2. Nf3 Nc6 3. Bc4 Bc5 4. O-O Nf6 5. d3 a5 6. Be3 Ba7 7. Bb5 Qe7 8.
Nc3 O-O 9. Bg5 Qd6 10. Bc4 Bb6 11. Nb5 Qe7 12. Nc3 Qd6 13. Qd2 h6 14. Bh4
a4 15. a3 Ba5 16. Qe2 Bxc3 17. bxc3 Qe7 18. Nd2 g5 19. Bg3 d6 20. Rfe1 Bg4
21. f3 Be6 22. Bxe6 fxe6 23. Qe3 Nh5 24. d4 Nxg3 25. hxg3 Qg7 26. d5 exd5
27. exd5 Ne7 28. Qd3 Qg6 29. Qxg6+ Nxg6 30. g4 Ra5 31. c4 b5 32. Re4 bxc4
33. Rxc4 Rxd5 34. Ne4 Rf7 35. Rb1 Ra5 36. Rcb4 d5 37. Nc3 Rc5 38. Nxa4 Rxc2
39. R4b2 Rc4 40. Rb4 Rff4 41. Rxc4 Rxc4 42. Rb4 Rc1+ 43. Kh2 Nf4 44. Rb8+
Kf7 45. Rh8 Rc4 46. Nb2 Rc2 47. Na4 Ra2 0-1

[Event "World Blitz 2023"]
[Site "Samarkand UZB"]
[Date "2023.12.29"]
[EventDate "2023.12.29"]
[Round "8.23"]
[Result "1-0"]
[White "Ivan Cheparinov"]
[Black "Gadir Guseinov"]
[WhiteElo "2613"]
[BlackElo "2563"]
[PlyCount "192"]

1. e4 c5 2. Nf3 g6 3. d4 cxd4 4. Qxd4 Nf6 5. Nc3 Nc6 6. Qa4 d6 7. e5 dxe5
8. Nxe5 Bg7 9. Nxc6 bxc6 10. Qxc6+ Bd7 11. Qa6 O-O 12. Be2 Qc7 13. h3 Rab8
14. O-O Rfc8 15. Rd1 Bc6 16. Bf1 Nd7 17. Qe2 Nc5 18. a4 Bxc3 19. bxc3 Nxa4
20. Qe3 Be8 21. c4 Qc5 22. Qg3 Nb2 23. Rd5 Qc6 24. Rd4 a6 25. Qe5 Qf6 26.
Qxf6 exf6 27. Rxa6 Na4 28. Rxf6 Rb1 29. Bd2 Nc5 30. Rfd6 Ne6 31. Re4 Ra8
32. Re1 Rb2 33. Bd3 Ba4 34. Bc3 Ra2 35. Rc1 Nf4 36. Be5 Ne6 37. h4 h5 38.
Bxg6 fxg6 39. Rxe6 Bxc2 40. Re7 Kf8 41. Rc7 Re8 42. Re1 Kg8 43. c5 Ra6 44.
Re3 Rae6 45. Bd4 Rxe3 46. Bxe3 Be4 47. Bd4 Re6 48. f3 Bc6 49. Kf2 Kf8 50.
Kg3 Ke8 51. Rg7 Kf8 52. Kf4 Be8 53. Ra7 Re2 54. Kg3 Re6 55. Rc7 Rc6 56. Ra7
Re6 57. Ra3 Bc6 58. Be3 Be8 59. Bf4 Re2 60. Ra6 Rc2 61. Ra7 Bb5 62. Bd6+
Kg8 63. Ra1 Kf7 64. Rb1 Ba6 65. Re1 Bb5 66. Ra1 Bd3 67. Rd1 Bb5 68. Re1 Bd3
69. Kh2 Bb5 70. Kg1 Bd3 71. Ra1 Bb5 72. Ra5 Bd3 73. Ra7+ Kf6 74. Ra3 Bb5
75. Rb3 Be2 76. Rb6 Kf5 77. c6 Bc4 78. c7 Be6 79. Bg3 Kf6 80. Ra6 Kf7 81.
Ra3 Ke7 82. Bf4 Kf7 83. Kh2 Ke7 84. Kg3 Kf7 85. Be5 Rc5 86. Kf4 Rc2 87. Kg3
Ke7 88. Rd3 Bf5 89. Rd8 Kf7 90. Bd6 Be6 91. Be5 Bf5 92. Rh8 Rc5 93. Kf4 Rc2
94. g3 Rc5 95. Rd8 Ke6 96. c8=Q+ 1-0

[Event "World Blitz 2023"]
[Site "Samarkand UZB"]
[Date "2023.12.29"]
[EventDate "2023.12.29"]
[Round "8.24"]
[Result "0-1"]
[White "Tigran L Petrosian"]
[Black "Arseniy Nesterov"]
[WhiteElo "2610"]
[BlackElo "2488"]
[PlyCount "130"]

1. Nf3 d5 2. g3 Nf6 3. Bg2 e6 4. O-O Be7 5. d3 O-O 6. Nbd2 c5 7. e4 Nc6 8.
Re1 b5 9. e5 Nd7 10. Nf1 Bb7 11. h4 Qc7 12. Bf4 Rfc8 13. h5 h6 14. Qd2 Qd8
15. g4 Nd4 16. Nxd4 cxd4 17. Nh2 a5 18. Re2 Nb8 19. Nf3 Nc6 20. a3 b4 21.
g5 hxg5 22. Bxg5 Bxg5 23. Nxg5 Ba6 24. Qf4 Ra7 25. Qg3 b3 26. cxb3 Bxd3 27.
Rd2 Bf5 28. Re1 d3 29. Nf3 Kf8 30. Qf4 Rb7 31. Nh4 Bh7 32. Re3 Rxb3 33. Rg3
Qc7 34. Rg5 Rcb8 35. h6 gxh6 36. Rh5 Ke8 37. Nf3 Rxb2 38. Rxb2 Rxb2 39.
Rxh6 d2 40. Nxd2 Qxe5 41. Qa4 Kd7 42. Rxh7 Qf5 43. Rh3 Rxd2 44. Rf3 Qb1+
45. Bf1 Qg6+ 46. Kh2 Rd4 47. Qb5 Kd6 48. Qb2 Qh5+ 49. Rh3 Qe5+ 50. Kh1 Rd1
51. Qb5 Qe4+ 52. Kg1 Qg4+ 53. Rg3 Qc4 54. Qxc4 dxc4 55. Kg2 Ne5 56. Rg8 Kd7
57. Ra8 c3 58. Ra7+ Kd6 59. Ra6+ Kd7 60. Bb5+ Kc7 61. Ba4 Rd5 62. f4 Nd3
63. Ra7+ Kb6 64. Rxf7 Nc5 65. Be8 0-1